000 00510nam a22001817a 4500
008 250411b |||||||| |||| 00| 0 eng d
020 _a9789937085830
082 _223rd.
_a306
_bD142s
100 1 _aDahal, Bishnu Prasad
245 _aSociety and culture in Nepal Himalaya /
_cBishnu Prasad Dahal.
260 _aKathmandu :
_bBishnu Prasad Dahal,
_c2077BS.
300 _a195p.
500 _aIncludes references.
650 _aCulture
650 _aSociety
650 _aAnthropology
942 _2ddc
_cISBN
999 _c121620
_d121608